000 00505cam a22001697a 4500
008 180718b1993 xxu||||| |||| 00| 0 eng d
020 _a0749411422
082 _aI5 Ac47
245 _aAchieving goals through teamwork
_cby Manchester Open Learning
260 _aLondon
_bKogan Page
_c1993
300 _a114p.
440 _aThe management action guide series
650 _aSupervision of Employees
650 _aManagement - Team Work
650 _aManagement
700 _aU.K. Manchester Open Learning
999 _c375623
_d375623